| 000 | 00670nam a2200253Ia 4500 | ||
|---|---|---|---|
| 003 | OSt | ||
| 005 | 20221007110543.0 | ||
| 006 | a|||||r|||| 00| 0 | ||
| 007 | ta | ||
| 008 | 221006b |||||||| |||| 00| 0 eng d | ||
| 024 | _a21,327 | ||
| 037 | _cTextual | ||
| 040 |
_aLCO _cLCO _beng |
||
| 041 |
_2eng _aeng |
||
| 082 | _aY:4370aZ,5, K8 | ||
| 100 | _aElliott D.W. | ||
| 245 | 0 | _aRoad Accidents | |
| 260 |
_aMiddlesex _bPenguin Books Ltd. U.K. _c1968 |
||
| 300 | _a295 | ||
| 650 |
_aROAD ACCIDENTS _9707629 |
||
| 700 |
_a Street Harry _9107198 |
||
| 942 |
_hY:4370aZ,5, K8 _cTEXL |
||
| 999 |
_c1190890 _d1190890 |
||